Gods of the World - Sudden Death #2 - Statistics

General Stats
  • This quiz has been taken 112 times
  • The average score is 5 of 18
Answers on the Grid
Answers color-coded by a green-red scale on the quiz's grid according to % correct below.
Serket
Hera
Sukarno
Frey
Juno
Confucius
Vishnu
Toutatis
Laozi
Brahma
Frigg
King Arthur
Nyx
Māui
Janus
Medusa
Horus
Izanami
Enkidu
Humbaba
Acintya
Ahura Mazda
Siegfried
Belenos
Fafnir
Mithra
Ne Zha
Yebisu
Anansi
Dewi Danu
 
Answer Stats
Answer % Correct
Hera
83%
Juno
63%
Frey
55%
Vishnu
52%
Nyx
46%
Frigg
38%
Horus
38%
Janus
38%
Brahma
34%
Serket
17%
Mithra
15%
Toutatis
12%
Ahura Mazda
8%
Belenos
5%
Izanami
2%
Acintya
0%
Dewi Danu
0%
Yebisu
0%
No matching quizzes found
Score Distribution
Percent of People with Each Score
Percentile by Number Answered
Your Score History
You have not taken this quiz